所属町村1つの郡 (2000年) - Statistics

General Stats
  • This quiz has been taken 18 times
  • The average score is 37 of 68
Answer Stats
都道府県 町村名 郡名 % Correct
北海道(宗谷支庁) 礼文町 礼文郡
92%
北海道(留萌支庁) 増毛町 増毛郡
83%
北海道(釧路支庁) 釧路町 釧路郡
83%
北海道(日高支庁) 新冠町 新冠郡
83%
北海道(日高支庁) 静内町 静内郡
83%
北海道(日高支庁) 三石町 三石郡
83%
北海道(日高支庁) 浦河町 浦河郡
83%
北海道(日高支庁) 様似町 様似郡
83%
神奈川県 葉山町 三浦郡
83%
北海道(檜山支庁) 奥尻町 奥尻郡
75%
秋田県 小坂町 鹿角郡
75%
神奈川県 寒川町 高座郡
75%
大阪府 島本町 三島郡
75%
北海道(宗谷支庁) 猿払村 宗谷郡
67%
北海道(宗谷支庁) 豊富町 天塩郡
67%
北海道(留萌支庁) 小平町 留萌郡
67%
北海道(日高支庁) えりも町 幌泉郡
67%
北海道(後志支庁) 積丹町 積丹郡
67%
北海道(後志支庁) 島牧村 島牧郡
67%
福島県 北会津村 北会津郡
67%
大阪府 忠岡町 泉北郡
67%
兵庫県 上郡町 赤穂郡
67%
北海道(十勝支庁) 浦幌町 十勝郡
58%
北海道(石狩支庁) 厚田村 厚田郡
58%
北海道(石狩支庁) 浜益村 浜益郡
58%
北海道(後志支庁) 古平町 古平郡
58%
宮城県 丸森町 伊具郡
58%
山形県 大石田町 北村山郡
58%
福井県 和泉村 大野郡
58%
京都府 久御山町 久世郡
58%
京都府 大山崎町 乙訓郡
58%
兵庫県 猪名川町 川辺郡
58%
北海道(根室支庁) 羅臼町 目梨郡
50%
山形県 温海町 西田川郡
50%
新潟県 山古志村 古志郡
50%
石川県 内浦町 珠洲郡
50%
福井県 美山町 足羽郡
50%
岐阜県 笠原町 土岐郡
50%
滋賀県 栗東町 栗太郡
50%
滋賀県 志賀町 滋賀郡
50%
京都府 大江町 加佐郡
50%
京都府 久美浜町 熊野郡
50%
兵庫県 吉川町 美嚢郡
50%
奈良県 月ヶ瀬村 添上郡
50%
徳島県 佐那河内村 名東郡
50%
鹿児島県 菱刈町 伊佐郡
50%
北海道(後志支庁) 蘭越町 磯谷郡
42%
群馬県 松井田町 碓氷郡
42%
群馬県 大間々町 山田郡
42%
静岡県 芝川町 富士郡
42%
三重県 青山町 名賀郡
42%
広島県 神辺町 深安郡
42%
山口県 徳地町 佐波郡
42%
北海道(根室支庁) 別海町 野付郡
33%
北海道(檜山支庁) 大成町 久遠郡
33%
茨城県 十王町 多賀郡
33%
石川県 山中町 江沼郡
33%
愛知県 木曽川町 葉栗郡
33%
三重県 関町 鈴鹿郡
33%
岡山県 灘崎町 児島郡
33%
岡山県 真備町 吉備郡
33%
岡山県 芳井町 後月郡
33%
広島県 新市町 芦品郡
33%
山口県 鹿野町 都濃郡
33%
福岡県 那珂川町 筑紫郡
33%
福岡県 高田町 三池郡
33%
大分県 佐賀関町 北海部郡
33%
北海道(胆振支庁) 白老町 白老町
0%
No matching quizzes found
Score Distribution
Percent of People with Each Score
Percentile by Number Answered
Your Score History
You have not taken this quiz